Como mejorar los programas escolares. de acuerdo con la pedagogía experimental... /

Guardado en:
Autor Principal: Dottrens, Robert
Formato: Libro
Publicado: Buenos Aires : Kapelusz, 1965
Series:Bibl. de Cultura Pedag¢gica,70
Materias:
Etiquetas: Agregar Etiqueta
Sin Etiquetas, Sea el primero en etiquetar este registro!
LEADER 00671nam a22002055a 4500
001 CEM.cems002126
005 20060215000000.0
008 130507s1965##################000#0#####d
003 CEMS
082 0 4 |a 379.15 
100 1 |a Dottrens, Robert 
245 1 0 |a Como mejorar los programas escolares. de acuerdo con la pedagogía experimental... / 
260 |a Buenos Aires :  |b Kapelusz,  |c 1965 
300 |a 318 p. 
490 0 |a Bibl. de Cultura Pedag¢gica,70 
653 |a Curriculum 
653 |a Educacion 
653 |a Pedagogia experimental 
859 |a CEMS  |b BIB. CEMS - 11 de abril  |h 379.15  |i D742  |p 3713.75  |t Ej.1 
859 |a CEMS  |b BIB. CEMS - 11 de abril  |h 379.15  |i D742  |p 3731.75  |t Ej.2